| 000 | 00000nam##2200000za#4500 |
| 001 | 9.676837 |
| 003 | CaOODSP |
| 005 | 20210624230055 |
| 007 | cr ||||||||||| |
| 008 | 150407|1983||||xxc|||||o f|0| 0 eng|d |
| 040 | |aCaOODSP|beng |
| 041 | |aeng |
| 041 | |afre |
| 043 | |an-cn--- |
| 086 | 1 |aA43-1756/1983-PDF |
| 110 | 1 |aCanada.|bAgriculture Canada.|bResearch Branch. |
| 245 | 12|aA manual for identifying onion diseases / |h[electronic resource]|c[by] René Crête, Léon Tartier and Alain Devaux. |
| 260 | |aOttawa - Ontario : |bAgriculture Canada. |cc1983. |
| 300 | |a32p.|bcoloured illus. |
| 500 | |aHistorical publication digitized by Agriculture and Agri-Food Canada. |
| 590 | |a15-03-Supp|b2015-03-13 |
| 690 | 07|aAgri-food industry|2gcpds |
| 720 | 1 |aCrête, René |
| 720 | 1 |aTartier, Léon |
| 720 | 1 |aDevaux, Alain |
| 792 | |tManuel d'identification des maladies de l'oignon / |efre|w(CaOODSP)9.676838 |
| 856 | 40|ahttp://publications.gc.ca|qPDF|s3017 KB|uhttps://publications.gc.ca/collections/collection_2015/aac-aafc/A43-1756-1983.pdf |
| 986 | |aPublication 1756 |